Southville International School and Colleges
Your cart is empty.
  • Cart
  • Lists
    Public lists Eva Luna New books Lux_list list_1
    Your lists Log in to create your own lists
  • Log in to your account
  • Your cookies
  • Search history
Southville International School and Colleges
  • Advanced search
  • Recent comments
  • Most popular
  • Libraries

Log in to your account

Log in with GOOGLE


If you do not have an external account, but do have a local account, you can still log in:

  1. Home
  2. MARC view: Barack Obama :
Normal view MARC view ISBD view

Barack Obama : (Record no. 298408)

[ view plain ]
MARC details
000 -LEADER
fixed length control field 00734nam a2200277Ia 4500
008 - FIXED-LENGTH DATA ELEMENTS--GENERAL INFORMATION
fixed length control field 160803s9999 xx 000 0 und d
020 ## - INTERNATIONAL STANDARD BOOK NUMBER
International Standard Book Number 978-1442454521
100 ## - MAIN ENTRY--PERSONAL NAME
Personal name Gormley, Beatrice
245 ## - TITLE STATEMENT
Title Barack Obama :
245 ## - TITLE STATEMENT
Statement of responsibility, etc by Beatrice Gormley.
260 ## - PUBLICATION, DISTRIBUTION, ETC. (IMPRINT)
Place of publication, distribution, etc New York :
260 ## - PUBLICATION, DISTRIBUTION, ETC. (IMPRINT)
Name of publisher, distributor, etc Scholastic Inc.
260 ## - PUBLICATION, DISTRIBUTION, ETC. (IMPRINT)
Date of publication, distribution, etc 2008
300 ## - PHYSICAL DESCRIPTION
Extent 168 pages ;
300 ## - PHYSICAL DESCRIPTION
Dimensions 20 cm.
650 ## - SUBJECT ADDED ENTRY--TOPICAL TERM
Topical term or geographic name as entry element African American legislators --
650 ## - SUBJECT ADDED ENTRY--TOPICAL TERM
Topical term or geographic name as entry element Legislators -- United States --
650 ## - SUBJECT ADDED ENTRY--TOPICAL TERM
Topical term or geographic name as entry element Obama, Barack.
650 ## - SUBJECT ADDED ENTRY--TOPICAL TERM
Topical term or geographic name as entry element Presidents -- United States --
650 ## - SUBJECT ADDED ENTRY--TOPICAL TERM
Topical term or geographic name as entry element United States. Congress. Senate --
650 ## - SUBJECT ADDED ENTRY--TOPICAL TERM
General subdivision Biography.
650 ## - SUBJECT ADDED ENTRY--TOPICAL TERM
General subdivision Biography.
650 ## - SUBJECT ADDED ENTRY--TOPICAL TERM
General subdivision Biography.
650 ## - SUBJECT ADDED ENTRY--TOPICAL TERM
General subdivision Biography.
700 ## - ADDED ENTRY--PERSONAL NAME
Personal name 1100
Holdings
Withdrawn status Lost status Damaged status Home library Current library Shelving location Date acquired Total Checkouts Barcode Date last seen Price effective from Koha item type
      Stonyhurst Southville International School (Batangas) Stonyhurst Southville International School (Batangas) Lexiled 08/03/2016   SC-334 08/03/2016 08/03/2016 Books

Barack Obama :

APA

Gormley B., 1100, .Barack Obama. New York: .

Chicago

Gormley Beatrice, 1100, .Barack Obama. New York: .

Harvard

Gormley B., 1100, .Barack Obama. New York: .

MLA

Gormley Beatrice, 1100, .New York: . .

  • Place hold
  • Print
  • Cite
  • Add to your cart (remove)
  • Save record
    BIBTEX Dublin Core MARCXML MARC (non-Unicode/MARC-8) MARC (Unicode/UTF-8) MARC (Unicode/UTF-8, Standard) MODS (XML) RIS
  • More searches
    Search for this title in:
    Other Libraries (WorldCat) Other Databases (Google Scholar) Online Stores (Bookfinder.com) Open Library (openlibrary.org)

Exporting to Dublin Core...

SOUTHVILLE LIBRARY

Southville International School and Colleges Library

1281 Tropical Ave. Cor. Luxembourg St., BF Homes International, Las Pinas City

Tel. No. 8256374 / 252358 Loc. 117/146

Powered by Koha